The Importance of Technology in Banking During a Crisis
Dôsledky informačných technológií (IT) v bankovníctve na finančnú stabilitu. Zistenie, že vyššia miera adopcie IT pred krízou viedla počas globálnej finančnej krízy k menšiemu počtu nesplácaných úverov a väčšiemu objemu pôžičiek. Úloha IT pri posilňovaní odolnosti bánk.
Guardado en:
| Autor principal: | |
|---|---|
| Otros Autores: | |
| Formato: | Capítulo de libro |
| Lenguaje: | inglés |
| Materias: | |
| Etiquetas: |
Sin Etiquetas, Sea el primero en etiquetar este registro!
|
MARC
| LEADER | 00000naa a2200000 4500 | ||
|---|---|---|---|
| 001 | 0287189 | ||
| 005 | 20220809080742.8 | ||
| 041 | 0 | |a eng | |
| 044 | |a NL | ||
| 245 | 1 | 0 | |a The Importance of Technology in Banking During a Crisis |c Nicola Pierri, Yannick Timmer |
| 520 | |a Dôsledky informačných technológií (IT) v bankovníctve na finančnú stabilitu. Zistenie, že vyššia miera adopcie IT pred krízou viedla počas globálnej finančnej krízy k menšiemu počtu nesplácaných úverov a väčšiemu objemu pôžičiek. Úloha IT pri posilňovaní odolnosti bánk. | ||
| 610 | 2 | 0 | |a bankovníctvo |
| 610 | 2 | 0 | |a technológie informačné |
| 610 | 2 | 0 | |a stabilita finančná |
| 610 | 2 | 0 | |a kríza finančná |
| 610 | 2 | 0 | |a úver |
| 100 | 1 | |a Pierri, Nicola | |
| 700 | 1 | |a Timmer, Yannick | |